000 004750000a22001810004500
003 MACL
005 20160122141548.0
008 160122b xxu||||| |||| 00| 0 eng d
040 _aMACL
_cMACL
041 _aEnglish
082 _a657.453//KHA
100 _aKhandela, Man Chand
_94396
245 _aManagement of Computer Accounting
260 _bArihant Publishing House
_c2002
_aNew Delhi
350 _a595
650 _aAccounting
_934092
942 _cBK
_k657.453/KHA
_2ddc
999 _c33083
_d33083